000 00510nam a2200181Ia 4500
008 090124s9999 xx 000 0 und d
082 _b122176
100 _aजागीरदार गजानन
245 _a पाऊलखुणा
250 _a1
260 _c1986
300 _a260
600 _aजागीरदार गजानन
630 _a पाऊलखुणा
700 _aजागीरदार गजानन
730 _a पाऊलखुणा
942 _cBOOK
999 _c168262
_d168262